| 000 | 02135nam a2200325 i 4500 | ||
|---|---|---|---|
| 001 | 154567 | ||
| 003 | ES-MaACL | ||
| 005 | 20251013231358.0 | ||
| 008 | 960129s1778 sp |||| | spa d | ||
| 040 |
_aEUS _bspa _cEUS |
||
| 100 | 1 |
_aGonzález de Salas, José Antonio, _dca. 1588-1651 _9127445 |
|
| 245 | 1 | 0 |
_aNueva idea de la tragedia antigua, ó ilustracion ultima al libro singular De Poetica de Aristoteles Stagirita / _cpor don Iusepe Antonio González de Salas ; parte primera [- segunda]. |
| 246 |
_iTítulo de la anteportada : _aIlustracion al libro De Poetica de Aristoteles Stagirita |
||
| 246 | 2 |
_iTítulo de la anteportada : _aTragedia practica |
|
| 260 |
_aEn Madrid : _bpor D. Antonio de Sancha : se hallará en su Librería ..., _c1778. |
||
| 300 |
_a2 v.([22], 311 p., [2] h. de lám. ; [4], XL, 280, [3] p., [1] en bl., [1] h. de lám.) ; _c8º. |
||
| 505 | 8 | _at. II. Las Troianas, de Lucio Anneo Séneca en versión española-latina, (p. 53-246) | |
| 530 | _aDisponible también en sitio web. | ||
| 594 | _aTítulo del t. II: Tragedia practica i observaciones que deben preceder a la tragedia española intitulada: Las Troyanas. | ||
| 597 | _aSign.: ¶8, 2¶4, A-T8, V4 ; [ ]², *-2*8, 3*4, A-R8, S6. | ||
| 599 | _aLas h. de lám. del t. I son grabado calcográfico de tema clásico: "Ant.s. Carnicero invt. et delt. Moreno Tejada fct.", y otro de tema teatral: "A. Carnicero del. J.J. Fabregat inv." La h. de lám. del tomo II es retrato calcográfico de Séneca: "A. Carnicero delt. J.J. Fabregat inc." | ||
| 700 | 0 |
_aSéneca, Lucio Anneo. _9105451 |
|
| 700 | 1 |
_aCarnicero, Antonio. _935379 |
|
| 700 | 1 |
_aMoreno Tejada, Juan. _9130174 |
|
| 700 | 1 |
_aFabregat, José Joaquín, _d1748-1807 _9150757 |
|
| 740 | 0 | _aTragedia practica i observaciones que deben preceder a la tragedia española intitulada: Las Troyanas. | |
| 852 |
_aES-MaACL _jR-417-18 _z-- Enc. hol. _q-- Falto de las hh. de grab. _x Olim: D-5109-10 |
||
| 856 |
_uhttp://bibliotecadigitalhispanica.bne.es:80/webclient/DeliveryManager?pid=2839080&custom_att_2=simple_viewer _zIr a la página |
||
| 999 |
_c154567 _d154567 |
||